Quizzes
Events
Quiz Creation
Community
Videos
Private Events
Remove Ads
Sign In
Join for FREE
Feedback
Dark Mode
Quiz Categories
Sports
Geography
Music
Movies
Television
Just For Fun
Miscellaneous
History
Literature
Language
Science
Gaming
Entertainment
Religion
Holiday
For Kids
Quiz Lab
Recent
Popular Today
Quiz Kudos Today
Editor Picks
Curator Picks
Quizzes by...
Day
Popularity
Type
Ratings
Length
Year
Community
Subscriptions
Recent Discussions
Orange Saloon
Badges
Playlists
Quests
Create
Leaderboards
Showdown
Live 5
Trivia Bingo
Activity
Puzzle Library
Sporcle Events
Private Events
Virtual Trivia
Globe League
Become a Host
Pub Owners
SporcleCon
Opinionation
Our Games
Videos
Blog
Mobile Apps
Partnerships
Remove Ads and Go Orange
Feedback
Language
Vocabulary
Begins and Ends
Definition
Spanish
French
German
Italian
Chinese
Latin
Translation
Japanese
Language
Vocabulary
Begins and Ends
Definition
Spanish
French
German
Italian
Chinese
Latin
Translation
Japanese
Random Quiz
Search Sporcle
×
Quiz Lab
Quiz Lab
Language
Bible
Type in answers that appear in a list
Type in answers that appear in a list
Classic
Best Score? Go Orange.
You know Icelandic?! Stats
Do these Icelandic names refer to volcanoes, counties or books of the Bible?
By
Sioraf
3m
30 Questions
155 Plays
155 Plays
155 Plays
Comments
Comments
Give Quiz Kudos
Give Quiz Kudos
-
- Ratings
hide this ad
Forced Order
Answers have to be entered in order
Answers have to be entered in order
Minefield
Wrong answers will end the quiz
Wrong answers will end the quiz
Wrong Answers
Some wrong answers will appear in red
Some wrong answers will appear in red
Random Order
Randomize order of answers
Randomize order of answers
Replay
Link that replays current quiz
Next Quiz
Link to next quiz in quiz playlist
You Got
0%
They Got
Avg Score
30%
Avg Friend Score
Upgrade to see
Score Distribution
Jump to the score distribution portion of the page
Score
0/30
Timer
03:00
0
Plays Today
Icelandic
V, C or B
% Correct
Jósúabók
???
39.4%
Rutarbók
???
38.7%
Eyjafjallajökull
???
37.4%
Tindfjallajökull
???
36.8%
Mýrasýsla
???
36.1%
Tungnafellsjökull
???
34.8%
Lúkasarguðspjall
???
34.8%
Matteusarguðspjall
???
34.2%
Kjósarsýsla
???
33.5%
Loki-
Fögrufjöll
???
32.9%
Brennisteinsfjöll
???
32.3%
Gullbringusýsla
???
32.3%
Borgarfjarðarsýsla
???
31%
Dalasýsla
???
31%
Rangárvallasýsla
???
31%
Icelandic
V, C or B
% Correct
Prédikarinn
???
31%
Eyjafjarðarsýsla
???
30.3%
Skagafjarðarsýsla
???
30.3%
Strandasýsla
???
30.3%
Jóhannesarguðspjall
???
30.3%
Kerlingarfjöll
???
29.7%
Markúsarguðspjall
???
29%
Reykjaneshryggur
???
28.4%
Sálmarnir
???
28.4%
Árnessýsla
???
25.2%
Orðskviðirnir
???
22.6%
Theistareykjarbunga
???
21.9%
Ljóðaljóðin
???
21.9%
Hrómundartindur
???
20%
Kollóttadyngja
???
18.1%
Quiz Playlist
Details
Report
Send in Message
Add To Playlist
Classic:
Type in answers that appear in a list
Forced Order:
Answers have to be entered in order
Minefield:
Wrong answers will end the quiz
Wrong Answers:
Some wrong answers will appear in red
Random Order:
Randomize order of answers
Last Updated: Aug 7, 2017
Quiz Scoreboard
CHALLENGE
Sign Up to Join the Scoreboard
Show All
Scores
Hide
Comments
May contain spoilers
Recently Published
Presidents Visiting Landmarks
by Hejman
History
7m
An Introduction to Baseball
by treessimontrees
Sports
5m
Movies - When Are They Set?
by FPL_Elf
Movies
5m
More to Explore
Quiz From the Vault
Featured Blog Post
Where Did the Easter Bunny Come From?
hide this ad
You Might Also Like...
Tags
Bible Quiz
Book Quiz
County
icelandic
Volcano
Today's Top Quizzes in Language
Browse Language
hide this ad
Today's Top Quizzes in Bible
Browse Bible
Top Contributed Quizzes in Language
1
1-10 Letter F Words III
2
1-10 Letter G Words III
3
Order Up: Top 10 Most Native Spoken Languages
4
1-10 Letter H Words III
5
One Thing in Common: Italy
6
1-10 Letter I Words III
7
Weisst du, aus welchen Sprachen diese Wörter stammen?
8
1-10 Letter J Words III
9
Celtic Nations in their Language
10
1-10 Letter K Words III
Explore More
Trending Topics
Kpop
NBA
Disney
Harry Potter
Marvel
Crossword
Anime
NFL
Country
Song
WWE
The Office
Pokémon
Puzzle
Soccer
hide this ad
More By:
Sioraf
Quiz
Plays
Rating
Category
Featured
Created
Emperors, Monarchs and Presidents
3,033
4.46
History
Jul 20, 2017
Capitals of Former Countries (Brutal)
344
5.00
Geography
Jun 30, 2017
Mnemonic Madness
291
4.67
Miscellaneous
Dec 31, 2013
The Big Guns
213
5.00
Geography
Feb 5, 2014
Christian Hymns, Songs and Choruses
175
5.00
Music
Jul 15, 2017
Go to Creator's Profile
Score Distribution
Quiz Creator Spotlight
Sioraf
Follow
Send a Message
Quizzes Created
-
Created Quiz Play Count
-
More By This Creator
Popular Quizzes Today
1
Find the US States - No Outlines Minefield
2
Find the Countries of Europe - No Outlines Minefield
3
The Countries of the World
4
Find the US States
5
Popular People in 1961
6
US States
7
Risky Map Clicking: Biggest States A-Z
8
Movies - When Are They Set?
More Language Quizzes
Harry Potter Book 1 Chapter Titles in Latin
Curator's Pick
Trending Quizzes
Risky Map Clicking: Least Populous States A-Z
1-10 Letter G Words
1-10 Letter F Words
Risky Map Clicking: Next State Alphabetically
Risky Map Clicking: Biggest States A-Z
Recently Updated
Leaping Animals
pecheneg
Reality TV Shows (A-Z)
bhenderson79
Rickey Henderson's Hall of Fame Teammates
pecheneg
Champions League XIs: Arsenal
pecheneg
Quick Pick: Celebrities in WWE's Hall of Fame
aduchscher
A-Z Keypad Blitz II
pecheneg
Multiple Oscar Actors
pecheneg
Mystery Phrase Blitz: Oscar 'Best Actors'
pecheneg
F. Scott Fitzgerald Novels
LTH
Pick 3 Villains
ddd62291
Trending Topics
Harry Potter
Marvel
Disney
Anime
Crossword
Kpop
NBA
Country
Song
NFL
WWE
Soccer
The Office
Puzzle
Pokémon
Your Account Isn't Verified!
In order to create a playlist on Sporcle, you need to verify the email address you used during registration. Go to your
Sporcle Settings
to finish the process.
Report this User
Report this user for behavior that violates our
Community Guidelines
.
Details:
Send Report
Go to the Sporcle.com Mobile Site →
Comments